000 01026nam a2200325 a 4500
001 vtls000195728
003 NLI
005 20210602113027.0
008 101125s1973 enk 001 0 eng
020 _a0582450381 :
_cPND 10.00
039 9 _y201011252320
_zVLOAD
040 0 _aNLI
_beng
_cDatasoft 1
_eAACR2
041 0 _aeng
044 _aenk
082 0 4 _a332.60942
100 1 _aMerrett, A. J.
_968456
245 1 4 _aThe finance and analysis of capital projects /
_cA. J. Merrett and Allen Sykes
250 _a2nd ed.
260 _a[London] :
_bLongman,
_c[1973]
300 _axxiv, 573 p. ;
_c24 cm.
500 _aIncludes index
650 0 _aCapital investments
_91462
700 1 _aSykes, Allen,
_4jt. aut
_9214632
887 _a
901 _a411123
_b31.7.1974
902 _aE 332.60942 M 551 (1)
942 _2ddc
_cBKS
949 _AVIRTUAITEM
_D10000
_X100
_6PUR000411123ENG
_9.
999 _aVIRTUA40
_c200037
_d200037
999 _aVTLSSORT0080*0200*0400*0410*0440*0820*1000*2450*2500*2600*3000*5000*6500*7000*9010*9020*9490*9991